Loading...
| Literature - American | 0 | 11 | 0 | 0 | 110 | 20 | 57.09 | 2 | 9 | 0.00 | 0.00 |
| Literature - World | 0 | 9 | 1 | 0 | 85 | 39 | 62.11 | 3 | 6 | 0.00 | 0.00 |
| Fine Arts - Painting and Sculpture | 0 | 9 | 2 | 0 | 80 | 15 | 52.11 | 2 | 9 | 0.00 | 0.00 |
| Science - Physics | 0 | 9 | 2 | 1 | 80 | 25 | 58.56 | 4 | 5 | 0.00 | 0.00 |
| Fine Arts - Other | 0 | 8 | 0 | 0 | 80 | 36 | 69.25 | 2 | 6 | 0.00 | 0.00 |
| Religion | 0 | 6 | 1 | 0 | 55 | 34 | 69.33 | 0 | 4 | 0.00 | 0.00 |
| Literature - European | 0 | 6 | 2 | 0 | 50 | 13 | 53.00 | 3 | 5 | 0.00 | 0.00 |
| Fine Arts - Classical Music | 0 | 6 | 4 | 2 | 40 | 25 | 77.33 | 2 | 3 | 0.00 | 0.00 |
| Literature - British | 0 | 4 | 2 | 0 | 30 | 17 | 46.25 | 2 | 3 | 0.00 | 0.00 |
| Science - Chemistry | 0 | 4 | 3 | 1 | 25 | 22 | 66.25 | 1 | 2 | 0.00 | 0.00 |
| Mythology | 0 | 3 | 2 | 1 | 20 | 65 | 86.00 | 1 | 1 | 0.00 | 0.00 |
| Social Science | 0 | 2 | 0 | 1 | 20 | 32 | 62.00 | 0 | 1 | 0.00 | 0.00 |
| Science - Biology | 0 | 3 | 2 | 0 | 20 | 31 | 45.67 | 3 | 3 | 0.00 | 0.00 |
| History - European | 0 | 2 | 1 | 0 | 15 | 33 | 42.50 | 0 | 2 | 0.00 | 0.00 |
| Geography | 0 | 2 | 1 | 0 | 15 | 15 | 46.50 | 1 | 1 | 0.00 | 0.00 |
| Philosophy | 0 | 1 | 0 | 0 | 10 | 45 | 45.00 | 0 | 1 | 0.00 | 0.00 |
| Science - Other | 0 | 3 | 4 | 0 | 10 | 43 | 63.00 | 0 | 3 | 0.00 | 0.00 |
| History - American | 0 | 3 | 5 | 0 | 5 | 12 | 24.67 | 2 | 3 | 0.00 | 0.00 |
| History - World | 0 | 1 | 1 | 0 | 5 | 39 | 39.00 | 1 | 1 | 0.00 | 0.00 |
| History - Other | 0 | 1 | 2 | 0 | 0 | 50 | 50.00 | 1 | 1 | 0.00 | 0.00 |